LEADER 00963nam a2200217 i 4500 001 000000049185 003 CaOOAMICUS 005 20121119000000.0 008 121119s1900 xx u000 u lat u 013 $a20355 040 $aSeMil$bita 100 1 $aPottier, Antoine <1849-1923>.$0(OLS)http://semarc/name/5517 245 10$aDe jure et justitia :$bdissertationes de notione generali juris et justitiae et de justitia legali /$cauctore A. Pottier. 260 $aLeodii :$bR. Ancion,$c1900. 300 $a277 p. ;$c21 cm. 650 4$aGiustizia.$0(OLS)http://semarc/subject/1321 650 4$aDiritto.$0(OLS)http://semarc/subject/1609 850 $aSeMil 852 $aSeMil$W1$xVenegono$y1$m2E II 63 FA$j15340$B15340$CSeMilBibl$Z2$F15340 $8I 996 $6245$aDe jure et justitia :$bdissertationes de notione generali juris et justitiae et de justitia legali$9(OLS)http://semarc/title/74685 996 $6260$aLeodii :$bR. Ancion$9(OLS)http://semarc/publisher/41087 LEADER 01321nam a2200241 i 4500 001 000000014314 003 CaOOAMICUS 005 20180830125442.0 008 180830s1930 it u000 u ita u 040 $aSeMil$bita 100 1 $aBoulenger, Auguste.$0(OLS)http://semarc/name/6725 240 13$aLa Doctrine Catholique.$0(OLS)http://semarc/title/18987 245 13$aLa Dottrina Cattolica /$cSac. A. Boulenger canonico on. della diocesi di Arras ; traduzione autorizzata dal francese del Sac. Giulio Albera , Salesiano. 260 $aTorino :$bSocietà Editrice Internazionale,$c1930. 300 $a4 v. ;$c20 cm. 700 1 $aAlbera, Giulio,$c.$0(OLS)http://semarc/name/5190 773 0 $tManuale di istruzione religiosa.$dTorino : Società Editrice Internazionale, [193?]$w()14316 774 0 $aBoulenger, A.$tDogma.$kManuale di istruzione religiosa$gParte1$w()142017 774 0 $aBoulenger, A.$tLiturgia.$kManuale di istruzione religiosa$gParte4$w()143275 774 0 $aBoulenger, A.$tMorale.$kManuale di istruzione religiosa$gParte2$w()143276 774 0 $aBoulenger, A.$tMezzi di santificazione.$kManuale di istruzione religiosa$gParte3$w()143277 996 $6245$aLa Dottrina Cattolica$9(OLS)http://semarc/title/18986 996 $6260$aTorino :$bSocietà Editrice Internazionale$9(OLS)http://semarc/publisher/29847